Click Countries That Start With "B" - Sudden Death - Statistics

General Stats
  • This quiz has been taken 45 times
  • The average score is 14 of 16
Answers on the Map
Answers color-coded by a green-red scale on the quiz's map according to % correct below.
 
Answer Stats
Answer % Correct
Belize
93%
Brazil
93%
Bulgaria
93%
Bangladesh
90%
Belgium
90%
Bosnia and Herzegovina
90%
Bahamas
88%
Bahrain
88%
Barbados
88%
Belarus
88%
Bhutan
88%
Bolivia
88%
Burkina Faso
88%
Benin
85%
Burundi
83%
Brunei
76%
No matching quizzes found
Score Distribution
Percent of People with Each Score
Percentile by Number Answered
Your Score History
You have not taken this quiz